| 000 | 00390nam a2200133Ia 4500 | ||
|---|---|---|---|
| 100 | _aEditors - Subash Babu | ||
| 942 | _cBK | ||
| 654 | _aInternational Conference On Management Of Techanical Education | ||
| 245 | _aInternational Conference On Management Of Techanical Education | ||
| 260 |
_bTata Mc Graw hill _aNew Delhi _c1996 |
||
| 082 | _a658.5 | ||
| 300 | _a428 | ||
| 546 | _aENGLISH | ||
| 999 |
_c35076 _d35076 |
||